Dopady hospodárskej recesie na slovenský trh práce
Transformácia ekonomiky Slovenskej republiky a dopady hospodárskej krízy. Nezamestnanosť na Slovensku. Hromadné prepúšťanie. Hromadné prepúšťanie podľa krajov za kalendárne týždne roku 2009 v rozsahu od 2. do 14. týždňa. Migrácia Slovákov v EÚ v čase hospodárskej krízy. Protikrízové opatrenia sloven...
Gespeichert in:
| 1. Verfasser: | |
|---|---|
| Format: | Buchkapitel |
| Sprache: | Slowakisch |
| Schlagworte: | |
| Tags: |
Keine Tags, Fügen Sie das erste Tag hinzu!
|
MARC
| LEADER | 00000nla$a2200000$$$4500 | ||
|---|---|---|---|
| 001 | 0107488 | ||
| 005 | 20240502083252.3 | ||
| 041 | 0 | |a slo | |
| 044 | |a CZ | ||
| 245 | 1 | 0 | |a Dopady hospodárskej recesie na slovenský trh práce |c Lenka Michaličková |
| 520 | |a Transformácia ekonomiky Slovenskej republiky a dopady hospodárskej krízy. Nezamestnanosť na Slovensku. Hromadné prepúšťanie. Hromadné prepúšťanie podľa krajov za kalendárne týždne roku 2009 v rozsahu od 2. do 14. týždňa. Migrácia Slovákov v EÚ v čase hospodárskej krízy. Protikrízové opatrenia slovenskej vlády. | ||
| 610 | 2 | 0 | |a trh práce |
| 610 | 2 | 0 | |a zamestnanosť |
| 610 | 2 | 0 | |a nezamestnanosť |
| 610 | 2 | 0 | |a migrácia |
| 610 | 2 | 0 | |a opatrenia |
| 610 | 2 | 0 | |a prepúšťanie hromadné |
| 610 | 2 | 0 | |a prepúšťanie pracovníkov |
| 610 | 2 | 0 | |a kríza hospodárska |
| 610 | 2 | 0 | |a Slovensko |
| 100 | 1 | |a Michaličková, Lenka | |